Statistiken für Bundesliga Spieler mit den meisten Platzverweisen

Klicken Sie hier um das Quiz zu spielen!

Allgemein

  • Dieses Quiz wurde 95 mal gespielt
  • Das Durchschnittsergebnis liegt bei 3 aus 17

Antwortstatistiken

RK*VereineAntwort% Korrekt
73u.a. Gladbach,
Bayern
Stefan Effenberg
58%
81u.a. Bayern,
Wolfsburg
Luiz Gustavo
47%
85Karlsruhe,
Leverkusen
Jens Nowotny
38%
75u.a. Hamburg,
Bayern
Jerome Boateng
36%
65u.a. Hoffenheim,
Stuttgart
Vedad Ibisevic
22%
64u.a. Leverkusen,
Dortmund
Christian Wörns
21%
63u.a. Karlsruhe,
Frankfurt
Maik Franz
14%
64BayernSamuel Kuffour
12%
74u.a. Dortmund,
Hamburg
Sergej Barbarez
8%
731860, GladbachMartin Stranzl
7%
65StuttgartFernando Meira
6%
63u.a. Wolfsburg,
Frankfurt
Alexander Madlung
5%
63u.a. Kaiserslautern,
Stuttgart
Marco Haber
5%
63Dresden,
Freiburg
Thomas Rath
4%
65u.a. Homburg,
Duisburg
Thorsten Wohlert
4%
73u.a. Bochum,
Duisburg
Torsten Kracht
4%
63u.a. Wattenscheid,
Duisburg
Stefan Emmerling
2%

Verteilung der Resultate

Perzentil nach korrekt beantworteten Fragen

Anzahl Personen mit jedem Resultat

Ihre Resultats-Entwicklung

Sie haben dieses Quiz noch nicht gespielt